000 00402pab a2200145 454500
008 180718b2004 xxu||||| |||| 00| 0 eng d
100 _aPeterson, Christopher
245 _aPositive social science (book review essay)
260 _c2004
300 _ap.186-201.
362 _aJan
650 _aSocial sciences
773 _aAnnals of American Academy of Political and Social Science
909 _a59345
999 _c59345
_d59345